Les programmes spatiaux d'exploration - Statistiques

Statistiques générales
  • Ce quiz a été pris 27 fois
  • Le résultat moyen est 3 sur 19
Statistiques - réponses
Exploration de Année(s) Pays Programme % Correct
Lune 1961/1972 Etats-Unis Apollo
92%
Jupiter 1969/1977 Etats-Unis Voyager
40%
Saturne 1969/1977 Etats-Unis Voyager
40%
Lune 1959/1976 URSS Luna
36%
Lune 1958/1978 Etats-Unis Pioneer
20%
Vénus 1958/1985 URSS Venera
20%
Mars 1960/1996 URSS Mars
16%
Mars 1985/1988 URSS Phobos
8%
Lune 1960/1968 Etats-Unis Surveyor
8%
Mars 1969/1975 Etats-Unis Viking
8%
Lune 2004/2010 Etats-Unis Constellation
4%
Mars 2000... Europe Exomars
4%
Lune 2003... Inde Chandrayan
0%
Lune 2007... Chine Chang'e
0%
Lune 1966/1968 Etats-Unis Lunar orbiter
0%
Vénus 1971/1978 Etats-Unis Pioneer Venus
0%
Lune 1961/1965 Etats-Unis Ranger
0%
Vénus 1978/1985 URSS Vega
0%
Lune 1964/1970 URSS Zond
0%
Aucun quiz correspondant
Distribution des résultats
% des personnes avec chaque résultat
Percentile par nombre de réponses
Votre historique - résultats
Vous n’avez pas pris ce quiz